| 000 | 00440nam a2200169Ia 4500 | ||
|---|---|---|---|
| 008 | 230524s9999 xx 000 0 und d | ||
| 082 |
_a620.16 _bLAW |
||
| 100 |
_aH.Lawrence _918206 |
||
| 245 | 0 | _aElements of Material Science and Engineering | |
| 250 | _a6TH | ||
| 260 |
_aSINGAPORE _bAddison-Wesley _c1989 |
||
| 300 | _aXVII;585 | ||
| 500 | _aQuantity Number: 12 | ||
| 650 | _aChemistry | ||
| 700 |
_a Van Vlack _918207 |
||
| 942 | _cBK | ||
| 999 |
_c27632 _d27632 |
||